00242nam a2200097Ia 4500008004100000082001200041100002200053245002900075260002000104600002000124241002s9999 xx 000 0 und d a370 BRU aBruner, Jerome S. 4aThe Process of Sducation aNew York:c1960 aSocial Sciences